000 00339nam a2200145Ia 4500
008 230312s9999||||xx |||||||||||||| ||und||
082 _a621
_bCAS-N
100 _aCasad,Joe
245 0 _aNetworking Essentionals
260 _bNew Riders
_aUSA
300 _a450
546 _aEng.
650 _aEngineering
_vConnecting devices
942 _cBK
999 _c6328
_d6328